| 000 | 00482cam a2200205ua 4500 | ||
|---|---|---|---|
| 001 | 4094 | ||
| 005 | 20260515113759.0 | ||
| 008 | 111214n ii |||gr||||Z||||||asm | ||
| 020 | _a81-86494-39-1 | ||
| 040 | _cMAIN | ||
| 082 | _a891.4511 | ||
| 100 | 1 | _aPhukan, Nilamoni, | |
| 245 | 1 | 1 |
_aChina Kavita _cby Nilamoni Phukan |
| 250 | _a1st. | ||
| 260 |
_aGuwahati: _bStudents stores,996. |
||
| 300 | _a135p:5cm. | ||
| 653 | _aAssamese poem | ||
| 653 | _aChina Kavita | ||
| 942 | _cBK | ||
| 999 |
_c3913 _d3913 |
||